<?xml version="1.0" encoding="UTF-8"?>
<record
    xmlns:xsi="http://www.w3.org/2001/XMLSchema-instance"
    xsi:schemaLocation="http://www.loc.gov/MARC21/slim http://www.loc.gov/standards/marcxml/schema/MARC21slim.xsd"
    xmlns="http://www.loc.gov/MARC21/slim">

  <leader>02239nam a2200337 i 4500</leader>
  <controlfield tag="001">000000065625</controlfield>
  <controlfield tag="003">IT-MiSPE</controlfield>
  <controlfield tag="005">20250318131320.0</controlfield>
  <controlfield tag="008">041027s1998    xx           u000 u ita c</controlfield>
  <datafield tag="020" ind1=" " ind2=" ">
    <subfield code="a">8839405615</subfield>
    <subfield code="c">30,000 Lire</subfield>
  </datafield>
  <datafield tag="035" ind1=" " ind2=" ">
    <subfield code="a">(IT-RoPUS)65625</subfield>
  </datafield>
  <datafield tag="040" ind1=" " ind2=" ">
    <subfield code="a">IT-MiSPE</subfield>
    <subfield code="b">ita</subfield>
    <subfield code="c">IT-MiSPE</subfield>
    <subfield code="d">IT-MiSPE</subfield>
  </datafield>
  <datafield tag="041" ind1=" " ind2=" ">
    <subfield code="a">ita</subfield>
    <subfield code="h">gre (lemmi traslitterati), eng</subfield>
  </datafield>
  <datafield tag="082" ind1="0" ind2=" ">
    <subfield code="a">227.9-CHE an te (ppv 23387)</subfield>
  </datafield>
  <datafield tag="100" ind1="1" ind2=" ">
    <subfield code="a">Chester, Andrew,</subfield>
    <subfield code="d">1948-</subfield>
    <subfield code="e">autore</subfield>
    <subfield code="4">aut</subfield>
    <subfield code="9">15812</subfield>
  </datafield>
  <datafield tag="240" ind1="1" ind2="0">
    <subfield code="a">Theology of the Letters of James, Peter, and Jude.</subfield>
    <subfield code="l">Ita</subfield>
  </datafield>
  <datafield tag="245" ind1="1" ind2="3">
    <subfield code="a">La teologia delle lettere di Giacomo, Pietro e Giuda /</subfield>
    <subfield code="c">Andrew Chester &amp; Ralph P. Martin.</subfield>
  </datafield>
  <datafield tag="260" ind1=" " ind2=" ">
    <subfield code="a">Brescia :</subfield>
    <subfield code="b">Paideia,</subfield>
    <subfield code="c">1998.</subfield>
  </datafield>
  <datafield tag="300" ind1=" " ind2=" ">
    <subfield code="a">221 p. ;</subfield>
    <subfield code="c">21 cm</subfield>
  </datafield>
  <datafield tag="490" ind1="1" ind2=" ">
    <subfield code="a">Letture bibliche [Paideia] ;</subfield>
    <subfield code="v">014</subfield>
  </datafield>
  <datafield tag="490" ind1="1" ind2=" ">
    <subfield code="a">Teologia del Nuovo Testamento</subfield>
  </datafield>
  <datafield tag="504" ind1=" " ind2=" ">
    <subfield code="a">Bibliografia e indici.</subfield>
  </datafield>
  <datafield tag="520" ind1=" " ind2=" ">
    <subfield code="a">Le lettere di Giacomo, Pietro e Giuda sono tra gli scritti meno letti del Nuovo Testamento, bench&#xE9; a uno studio approfondito si rivelino teologicamente pi&#xF9; importanti di quanto generalmente si pensi. Andrew Chester colloca la lettera di Giacomo nel suo contesto storico e ne esamina i temi principali: l'escatologia, la fede e le opere, la dottrina etica e sociale, non trascurando i problemi che la lettera sembra creare sia per il canone sia per la coerenza interna del Nuovo Testamento stesso. Ne emerge un Giacomo attuale soprattutto per la sua polemica contro i ricchi e i potenti e per l'esortazione a vivere la fede nella vita di ogni giorno.
Ralph P. Martin mostra come la lettera di Giuda e le due lettere di Pietro consentano di vedere il primissimo stadio di sviluppo del giudeocristianesimo, di cogliere come venisse inteso il movimento cristiano in una regione situata alla periferia dell'impero romano, di constatare come la Chiesa subapostolica si sia servita della memoria di Pietro per le sue necessit&#xE0; pratiche.</subfield>
  </datafield>
  <datafield tag="546" ind1=" " ind2=" ">
    <subfield code="a">Traduzione italiana di Franco Ronchi</subfield>
  </datafield>
  <datafield tag="700" ind1="1" ind2=" ">
    <subfield code="a">Martin, Ralph Philip,</subfield>
    <subfield code="d">1925-2013</subfield>
    <subfield code="e">autore</subfield>
    <subfield code="4">aut</subfield>
    <subfield code="9">50774</subfield>
  </datafield>
  <datafield tag="700" ind1="1" ind2=" ">
    <subfield code="a">Chester, Andrew,</subfield>
    <subfield code="e">autore</subfield>
    <subfield code="9">61861</subfield>
    <subfield code="d">1948-</subfield>
  </datafield>
  <datafield tag="830" ind1=" " ind2="0">
    <subfield code="a">Letture bibliche (Paideia) ;</subfield>
    <subfield code="v">14.</subfield>
    <subfield code="9">61809</subfield>
  </datafield>
  <datafield tag="830" ind1=" " ind2="0">
    <subfield code="a">Teologia del Nuovo Testamento.</subfield>
    <subfield code="9">57649</subfield>
  </datafield>
  <datafield tag="942" ind1=" " ind2=" ">
    <subfield code="2">pusc</subfield>
    <subfield code="c">BK</subfield>
  </datafield>
  <datafield tag="999" ind1=" " ind2=" ">
    <subfield code="c">360445</subfield>
    <subfield code="d">360445</subfield>
  </datafield>
  <datafield tag="952" ind1=" " ind2=" ">
    <subfield code="0">0</subfield>
    <subfield code="1">0</subfield>
    <subfield code="2">ddc</subfield>
    <subfield code="4">0</subfield>
    <subfield code="6">227_000000000000000_9CHE_AN_TE_PPV_23387</subfield>
    <subfield code="7">1</subfield>
    <subfield code="a">CINISELLO</subfield>
    <subfield code="b">CINISELLO</subfield>
    <subfield code="d">2025-03-18</subfield>
    <subfield code="l">0</subfield>
    <subfield code="o">227.9-CHE an te (ppv 23387)</subfield>
    <subfield code="p">8839405615</subfield>
    <subfield code="r">2025-03-18 12:29:32</subfield>
    <subfield code="w">2025-03-18</subfield>
    <subfield code="y">BK</subfield>
  </datafield>
</record>
